| 000 | 00637nam a2200205 a 4500 | ||
|---|---|---|---|
| 001 | 000019337 | ||
| 005 | 20200929170004.0 | ||
| 008 | 100624s1975 nyu 000 p spa d | ||
| 040 |
_aDO-SdBNP _bspa _cBNPHU |
||
| 082 |
_a861.6 _bC357ó |
||
| 100 | 1 |
_aCatalá, Rafael, _941566 |
|
| 245 | 1 | 0 |
_aOjo sencillo : _btriqui traque / _cRafael Catalá ; prólogo de Juan Goytisolo. |
| 260 |
_aNew York : _bCartago, _c1975. |
||
| 300 |
_a73, [1] p. ; : _b18 cm. |
||
| 590 | _aAutobiografiado por el autor | ||
| 650 | 4 |
_aPoesía española _9631 |
|
| 650 | 4 |
_aLiteratura española _9632 |
|
| 700 | 1 |
_aGoytisolo, Juan, _epról. _93544 |
|
| 049 | _aBNGR | ||
| 999 |
_c18854 _d18854 |
||